Atlas de Catalunya : Geogràfic, econòmic, històric Geogràfic, econòmic, històric
Descripción Física:
79 p. : map., col. ; 30 cm
Materias:
Catalunya -- Mapes
MARC
| LEADER | 00000nam a2200000Ia 4500 | ||
|---|---|---|---|
| 001 | 1785 | ||
| 008 | 160829s1974 xx 000 0 cat d | ||
| 080 | |a H-2-75 | ||
| 245 | |a Atlas de Catalunya : |b Geogràfic, econòmic, històric | ||
| 260 | |a Barcelona : |b Diàfora, |c 1974 | ||
| 300 | |a 79 p. : |b map., col. ; |c 30 cm | ||
| 590 | |a Llibre commemoratiu del 500 aniversari del primer llibre imprès en català. | ||
| 650 | |a Catalunya |x Mapes |9 22140 | ||
| 901 | |a Arxiu | ||
| 942 | |n 1 | ||
| 952 | |0 0 |1 0 |4 0 |6 H275 |7 1 |9 42077 |a Arxiu |b Arxiu |d 2016-12-01 |l 0 |o H-2-75 |p 1785 |r 2016-12-01 00:00:00 |w 2016-12-01 |y ARXIU | ||
| 999 | |c 44524 |d 44524 | ||